Titul je dostupný aj v ... 

MARC
| LEADER | 00000nam a2200000 a 4500 | ||
|---|---|---|---|
| 001 | 000196708 | ||
| 005 | 20060526161534.0 | ||
| 008 | 060420s1991 xo e 000 0 gero | ||
| 020 | |a 8022503002 (brož.) | ||
| 040 | |a SVKKK |b slo |c SVKKK |e AACR2 | ||
| 041 | 0 | |a ger | |
| 044 | |a xo |c SK | ||
| 100 | 1 | |a Kanisová, Zdenka |4 aut | |
| 245 | 1 | 0 | |a Ein Konversationsbuch für Fortgeschrittene / |c Zdenka Kanisová ... [et al.] |
| 250 | |a 1. vyd. | ||
| 260 | |a Bratislava : |b VŠE, |c 1991 | ||
| 300 | |a 219 s. | ||
| 910 | |a svkkk | ||
| 919 | |a 80-225-0300-2 | ||
| 998 | |a BK | ||
| 090 | |g SCKHL |k Sklad Pribinova 3. posch. |a V.176829 |j 830344 |i 196708-10 |s Absenčne | ||